[Event "XXIX Cracovia 2018"]
[Site "Krakow"]
[Date "2018.12.29"]
[Round "3"]
[White "Molenda, Marcin"]
[Black "Marczuk, Dominik"]
[Result "0-1"]
[WhiteElo "2383"]
[BlackElo "2274"]
[Annotator "NA"]
[PlyCount "86"]
[EventDate "2018.12.27"]
[EventType "swiss"]
[EventCountry "POL"]
[SourceTitle "playchess.com"]
[Source "ChessBase"]
[SourceQuality "1"]
[TimeControl "40/5400+30:1800+30"]

1. d4 {[%emt 0:00:00]} Nf6 {[%emt 0:00:00]} 2. Nf3 {[%emt 0:00:00]} g6 {[%emt 0:00:13]} 3. c4 {[%emt 0:00:37]} Bg7 {[%emt 0:00:11]} 4. g3 {[%emt 0:00:11]} O-O {[%emt 0:00:24]} 5. Bg2 {[%emt 0:00:06]} d6 {[%emt 0:00:11]} 6. O-O {[%emt 0:00:14]} Nc6 {[%emt 0:01:10]} 7. Nc3 {[%emt 0:00:14]} Bf5 {[%emt 0:01:29]} 8. d5 {[%emt 0:04:30]} Na5 {[%emt 0:00:12]} 9. Nd4 {[%emt 0:00:24]} Bd7 {[%emt 0:00:44]} 10. b3 {[%emt 0:00:13]} c5 {[%emt 0:01:26]} 11. dxc6 {[%emt 0:00:09]} bxc6 {[%emt 0:00:37]} 12. e4 {[%emt 0:17:24] E62: King's Indian: Fianchetto: 6...c6 and Panno Variation (6...Nc6) without ...a6} Rb8 {[%emt 0:05:45]} 13. h3 {[%emt 0:05:05]} c5 {[%emt 0:11:06]} 14. Nde2 {[%emt 0:00:33]} Nc6 {[%emt 0:00:52]} 15. Be3 {[%emt 0:00:45]} Ne8 {[%emt 0:12:32]} 16. f4 $146 {[%emt 0:13:28]} ({Predecessor:} 16. Qd2 Nc7 17. Rad1 Ne6 18. Bh6 Ned4 19. Bxg7 Kxg7 {1-0 (40) Macias Murillo,B (2382)-Felgaer,R (2564) Quito 2012}) 16... f5 {[%emt 0:04:26]} 17. Rc1 {[%emt 0:07:08]} Nc7 {[%emt 0:05:50]} 18. e5 {[%emt 0:12:54]} dxe5 {[%emt 0:00:55]} 19. fxe5 {[%emt 0:00:53]} Ne6 {[%emt 0:23:47]} 20. Bd5 {[%emt 0:08:29]} Kh8 {[%emt 0:03:34]} 21. Bxe6 {[%emt 0:00:35]} (21. Nf4 $16 Ned4 22. e6) 21... Bxe6 {[%emt 0:00:07]} 22. Nf4 {[%emt 0:00:25]} Bg8 {[%emt 0:05:05]} 23. Qxd8 {[%emt 0:02:03]} Rfxd8 {[%emt 0:00:51]} 24. Bxc5 {[%emt 0:00:06]} Bxe5 {[%emt 0:00:41]} 25. Kg2 {[%emt 0:06:13]} Bg7 {[%emt 0:03:55]} 26. Rf2 {[%emt 0:01:31]} e5 $11 {[%emt 0:02:37]} 27. Nfd5 {[%emt 0:00:03]} Rd7 {[%emt 0:00:25]} 28. Rd1 {[%emt 0:04:21]} Rbd8 {[%emt 0:01:07]} 29. Ne3 {[%emt 0:02:19]} Nd4 {[%emt 0:02:52]} 30. Ncd5 {[%emt 0:00:52]} Bh6 {[%emt 0:05:39]} 31. Ba3 {[%emt 0:03:45]} Nc6 {[%emt 0:03:31]} 32. Bb2 {[%emt 0:00:13]} Bxe3 {[%emt 0:00:43]} 33. Nxe3 {[%emt 0:01:19]} Rxd1 {[%emt 0:00:09]} 34. Nxd1 {[%emt 0:00:02]} Rxd1 {[%emt 0:00:15]} 35. Re2 {[%emt 0:00:05]} Nd4 {[%emt 0:01:30]} 36. Kf2 {[%emt 0:00:06]} Kg7 {[%emt 0:01:42]} 37. Rxe5 {[%emt 0:00:25]} Rd2+ 38. Ke3 Rxb2 {[%emt 0:00:35]} 39. Kxd4 {[%emt 0:00:02]} Rxa2 {[%emt 0:00:09]} 40. b4 {[%emt 0:00:00]} Kf6 {[%emt 0:00:00]} 41. Re8 {[%emt 0:02:11]} Bf7 {[%emt 0:02:19]} 42. Rb8 {[%emt 0:00:22]} Rd2+ {[%emt 0:01:16]} 43. Ke3 {[%emt 0:00:01]} Rg2 {[%emt 0:02:23]} 0-1

[Event "XXIX Cracovia 2018"]
[Site "Krakow"]
[Date "2018.12.29"]
[Round "3"]
[White "Biriukov, Nikolai"]
[Black "Zaleski, Lukasz"]
[Result "1-0"]
[WhiteElo "2365"]
[BlackElo "2116"]
[Annotator "NA"]
[PlyCount "67"]
[EventDate "2018.12.27"]
[EventType "swiss"]
[EventCountry "POL"]
[SourceTitle "playchess.com"]
[Source "ChessBase"]
[SourceQuality "1"]
[TimeControl "40/5400+30:1800+30"]

1. d4 {[%emt 0:00:00]} e6 {[%emt 0:05:30]} 2. Nf3 {[%emt 0:01:44]} Nf6 {[%emt 0:00:07]} 3. g3 {[%emt 0:00:06]} c5 {[%emt 0:00:13]} 4. Bg2 {[%emt 0:00:07]} cxd4 {[%emt 0:03:28]} 5. Nxd4 {[%emt 0:00:04]} d5 {[%emt 0:00:16]} 6. O-O {[%emt 0:00:20]} Be7 {[%emt 0:05:18]} 7. c4 {[%emt 0:01:49]} O-O {[%emt 0:07:23]} 8. cxd5 {[%emt 0:00:34]} Nxd5 {[%emt 0:01:27] LiveBook: 105 Games} 9. Qb3 {[%emt 0:01:33] D02: 1 d4 d5 2 Nf3 sidelines, including 2...Nf6 3 g3 and 2...Nf6 3 Bf4} (9. b3 Qa5 10. Bb2 Rd8 11. Qd2 Bb4 12. Qc2 Bd7 13. a3 Bf8 14. b4 Qa6 15. Nc3 Nxc3 16. Bxc3 Rc8 {1-0 (28) Meier,G (2655)-Rodshtein,M (2699) Heraklio 2017}) 9... Nc6 {[%emt 0:07:34]} 10. Nxc6 {[%emt 0:02:19]} bxc6 {[%emt 0:00:05]} 11. e4 {[%emt 0:00:08]} Nf6 {[%emt 0:06:10]} 12. Bf4 $146 {[%emt 0:00:14]} ({Predecessor:} 12. Rd1 Qb6 13. Qxb6 axb6 14. Be3 Ng4 15. Bxb6 Rb8 16. Bd4 e5 {½-½ (38) Ershov,V (2031)-Vunder,Y (2221) St Petersburg 2011}) 12... Qa5 {[%emt 0:05:55]} 13. Qc3 {[%emt 0:06:09]} Qxc3 {[%emt 0:06:43]} 14. Nxc3 {[%emt 0:00:06]} Rd8 {[%emt 0:00:45]} 15. Rfd1 {[%emt 0:05:19]} Ba6 {[%emt 0:01:44]} 16. Bf3 {[%emt 0:00:36]} Rxd1+ {[%emt 0:01:18]} 17. Rxd1 {[%emt 0:00:13]} Rd8 {[%emt 0:01:37]} 18. Rc1 {[%emt 0:09:03]} c5 {[%emt 0:06:00]} 19. Na4 {[%emt 0:03:44]} c4 {[%emt 0:15:37]} 20. Be3 {[%emt 0:03:36]} Bb5 {[%emt 0:02:19]} 21. Nc3 {[%emt 0:02:23]} Bc6 {[%emt 0:02:17]} 22. Bxa7 {[%emt 0:05:19]} Rd2 {[%emt 0:01:05]} 23. Rb1 {[%emt 0:00:17]} Bb4 {[%emt 0:01:11]} 24. Be3 {[%emt 0:00:56]} Rd8 {[%emt 0:02:39]} 25. Rc1 {[%emt 0:01:28]} Ba5 {[%emt 0:08:57]} 26. Ne2 {[%emt 0:01:16]} Bxe4 {[%emt 0:02:13]} 27. Bxe4 {[%emt 0:00:08]} Nxe4 {[%emt 0:00:03]} 28. Rxc4 {[%emt 0:00:12]} Nd2 {[%emt 0:00:31]} 29. Ra4 {[%emt 0:03:08]} Bc7 {[%emt 0:01:56]} 30. Kg2 {[%emt 0:04:22]} e5 {[%emt 0:01:57]} 31. Nc3 $18 {[%emt 0:02:21]} f5 {[%emt 0:02:37]} 32. Nb5 {[%emt 0:00:15]} Bb8 {[%emt 0:00:10]} 33. Ra8 {[%emt 0:00:28]} Nc4 {[%emt 0:00:52]} 34. Ba7 {[%emt 0:00:15]} 1-0

[Event "XXIX Cracovia 2018"]
[Site "Krakow"]
[Date "2018.12.29"]
[Round "3"]
[White "Paszewski, Mateusz"]
[Black "Sahil, Tickoo"]
[Result "1/2-1/2"]
[WhiteElo "2342"]
[BlackElo "2224"]
[Annotator "NA"]
[PlyCount "70"]
[EventDate "2018.12.27"]
[EventType "swiss"]
[EventCountry "POL"]
[SourceTitle "playchess.com"]
[Source "ChessBase"]
[SourceQuality "1"]
[TimeControl "40/5400+30:1800+30"]

1. e4 e6 2. d4 d5 3. Nd2 c5 4. exd5 Qxd5 5. Ngf3 cxd4 6. Bc4 Qd6 7. O-O Nf6 8. Nb3 Nc6 9. Nbxd4 Nxd4 10. Nxd4 a6 11. Re1 Bd7 12. c3 Qc7 13. Bf1 Bd6 14. g3 O-O-O 15. Qf3 e5 16. Nf5 Bc5 17. Nxg7 Ng4 18. Be3 Nxe3 19. fxe3 Bc6 20. Qf2 Qd7 21. Bg2 Bxg2 22. Kxg2 Qg4 23. Nf5 Qe4+ 24. Kg1 Rd7 25. Re2 Rhd8 26. Rf1 Rd1 27. h3 Qb1 28. Ree1 Rxe1 29. Rxe1 Qxa2 30. Kh2 Kb8 31. Re2 Qb1 32. Qf3 Qd1 33. Qg2 Qb1 34. Qf3 Qd1 35. Qg2 Qb1 1/2-1/2

[Event "XXIX Cracovia 2018"]
[Site "Krakow"]
[Date "2018.12.29"]
[Round "3"]
[White "Colijn, Stefan"]
[Black "Kubicka, Anna"]
[Result "1-0"]
[WhiteElo "2331"]
[BlackElo "2168"]
[Annotator "NA"]
[PlyCount "55"]
[EventDate "2018.12.27"]
[EventType "swiss"]
[EventCountry "POL"]
[SourceTitle "playchess.com"]
[Source "ChessBase"]
[SourceQuality "1"]
[TimeControl "40/5400+30:1800+30"]

1. c4 {[%emt 0:03:25]} e5 {[%emt 0:00:22]} 2. Nc3 {[%emt 0:00:10]} Bb4 {[%emt 0:01:16]} 3. Qc2 {[%emt 0:00:39]} Nc6 {[%emt 0:00:50]} 4. Nf3 {[%emt 0:01:57]} Nge7 {[%emt 0:02:14]} 5. e3 {[%emt 0:01:20]} Bxc3 {[%emt 0:03:30]} 6. Qxc3 {[%emt 0:00:14]} d6 {[%emt 0:00:06]} 7. d3 {[%emt 0:04:55]} O-O {[%emt 0:01:05]} 8. Be2 {[%emt 0:00:11]} f5 {[%emt 0:00:33]} 9. b3 {[%emt 0:02:17]} Ng6 {[%emt 0:00:26]} 10. Bb2 {[%emt 0:00:35]} Kh8 {[%emt 0:02:09]} 11. h4 {[%emt 0:00:49]} Qf6 {[%emt 0:03:02]} 12. h5 {[%emt 0:05:20]} Nge7 {[%emt 0:00:19]} 13. h6 {[%emt 0:00:04]} g5 {[%emt 0:08:07]} 14. d4 {[%emt 0:05:47]} Ng6 {[%emt 0:10:47]} 15. dxe5 {[%emt 0:07:17]} dxe5 {[%emt 0:00:45]} 16. Nxe5 {[%emt 0:05:44]} Ncxe5 {[%emt 0:07:56]} 17. f4 {[%emt 0:00:25]} gxf4 {[%emt 0:00:04]} 18. exf4 {[%emt 0:00:06]} Be6 {[%emt 0:02:08]} 19. O-O-O {[%emt 0:03:40]} Rad8 {[%emt 0:01:37]} 20. Bh5 {[%emt 0:13:47]} Rxd1+ {[%emt 0:16:11]} 21. Rxd1 {[%emt 0:00:18]} Qh4 {[%emt 0:00:52]} 22. Bxg6 {[%emt 0:01:39]} Qxf4+ {[%emt 0:00:09]} 23. Kb1 {[%emt 0:00:05]} hxg6 {[%emt 0:01:05]} 24. Re1 {[%emt 0:01:14]} Kg8 {[%emt 0:24:39]} 25. Rxe5 {[%emt 0:02:11]} Kf7 {[%emt 0:02:53]} 26. Re1 {[%emt 0:00:18]} Ke7 {[%emt 0:01:09]} 27. h7 {[%emt 0:00:17]} Qf2 {[%emt 0:01:01]} 28. Qe5 {[%emt 0:03:16]} 1-0

[Event "XXIX Cracovia 2018"]
[Site "Krakow"]
[Date "2018.12.29"]
[Round "3"]
[White "Dietmayer-Kraeutler, Marco"]
[Black "Turski, Bartlomiej"]
[Result "1/2-1/2"]
[WhiteElo "2311"]
[BlackElo "1924"]
[Annotator "NA"]
[PlyCount "53"]
[EventDate "2018.12.27"]
[EventType "swiss"]
[EventCountry "POL"]
[SourceTitle "playchess.com"]
[Source "ChessBase"]
[SourceQuality "1"]
[TimeControl "40/5400+30:1800+30"]

1. d4 {[%emt 0:01:14]} Nf6 {[%emt 0:00:00]} 2. c4 {[%emt 0:00:03]} g6 {[%emt 0:00:00]} 3. Nc3 {[%emt 0:00:03]} Bg7 {[%emt 0:00:01]} 4. e4 {[%emt 0:00:02]} d6 {[%emt 0:00:12]} 5. Nf3 {[%emt 0:00:01]} O-O {[%emt 0:00:16]} 6. Be2 {[%emt 0:00:02]} Nbd7 {[%emt 0:00:17]} 7. O-O {[%emt 0:03:06]} e5 {[%emt 0:00:28]} 8. Rb1 {[%emt 0:04:54]} h6 {[%emt 0:08:16]} 9. b4 {[%emt 0:01:34]} Qe7 {[%emt 0:05:03]} 10. d5 {[%emt 0:03:08]} Nh5 {[%emt 0:03:35]} 11. Nb5 {[%emt 0:02:15]} Ndf6 {[%emt 0:25:56]} 12. Qc2 {[%emt 0:07:48]} Nxe4 {[%emt 0:01:05]} 13. c5 {[%emt 0:06:42]} a6 {[%emt 0:12:25]} 14. cxd6 {[%emt 0:00:43]} Nxd6 {[%emt 0:01:32]} 15. Qxc7 {[%emt 0:00:21]} Qxc7 {[%emt 0:05:35]} 16. Nxc7 {[%emt 0:01:25]} Bf5 {[%emt 0:01:14]} 17. Nxa8 {[%emt 0:01:42]} Bxb1 {[%emt 0:00:15]} 18. Nb6 {[%emt 0:00:25]} e4 {[%emt 0:04:48]} 19. Nh4 {[%emt 0:04:10]} Bxa2 {[%emt 0:03:35]} 20. Bxh5 {[%emt 0:02:55]} gxh5 {[%emt 0:00:19]} 21. Bf4 {[%emt 0:00:09]} Nc8 {[%emt 0:03:41]} 22. Nxc8 {[%emt 0:02:32]} Rxc8 {[%emt 0:01:15]} 23. Nf5 {[%emt 0:02:13]} Bf8 {[%emt 0:04:52]} 24. d6 {[%emt 0:25:08]} Be6 {[%emt 0:01:01]} 25. Ne7+ {[%emt 0:00:18]} Bxe7 {[%emt 0:00:08]} 26. dxe7 {[%emt 0:00:05]} f6 {[%emt 0:02:28]} 27. Re1 {[%emt 0:01:42]} 1/2-1/2

[Event "XXIX Cracovia 2018"]
[Site "Krakow"]
[Date "2018.12.29"]
[Round "3"]
[White "Baum, Jonasz"]
[Black "Martynyuk, Elizaveta"]
[Result "1-0"]
[WhiteElo "2302"]
[BlackElo "2128"]
[Annotator "NA"]
[PlyCount "61"]
[EventDate "2018.12.27"]
[EventType "swiss"]
[EventCountry "POL"]
[SourceTitle "playchess.com"]
[Source "ChessBase"]
[SourceQuality "1"]
[TimeControl "40/5400+30:1800+30"]

1. d4 {[%emt 0:00:00]} d5 {[%emt 0:03:17]} 2. c4 {[%emt 0:00:00]} c6 {[%emt 0:00:11]} 3. Nf3 {[%emt 0:00:00]} Nf6 {[%emt 0:00:07]} 4. Nc3 {[%emt 0:00:02]} dxc4 {[%emt 0:00:06]} 5. e3 {[%emt 0:00:04]} b5 {[%emt 0:00:05]} 6. a4 {[%emt 0:00:06]} b4 {[%emt 0:00:37]} 7. Nb1 {[%emt 0:00:04]} Ba6 {[%emt 0:00:39]} 8. Be2 {[%emt 0:00:07]} e6 {[%emt 0:00:55]} 9. O-O {[%emt 0:00:05]} Be7 {[%emt 0:03:35]} 10. Nbd2 {[%emt 0:00:17]} c3 {[%emt 0:01:19]} 11. bxc3 {[%emt 0:00:04]} bxc3 {[%emt 0:00:27]} 12. Nb1 {[%emt 0:00:03]} O-O {[%emt 0:17:38]} 13. Nxc3 {[%emt 0:01:12]} c5 {[%emt 0:01:18]} 14. Bb2 {[%emt 0:09:04]} Qa5 {[%emt 0:05:53]} 15. Nb5 {[%emt 0:03:32]} Nc6 {[%emt 0:02:54]} 16. dxc5 {[%emt 0:07:55]} Ne4 {[%emt 0:07:05]} 17. Nfd4 {[%emt 0:04:26]} Nxd4 {[%emt 0:04:48]} 18. exd4 {[%emt 0:01:48]} Bb7 {[%emt 0:00:16]} 19. Qe1 {[%emt 0:15:42]} Qxe1 {[%emt 0:00:51]} 20. Rfxe1 {[%emt 0:00:04]} a6 {[%emt 0:01:26]} 21. Nc3 {[%emt 0:07:24]} Rab8 {[%emt 0:02:07]} 22. Nxe4 {[%emt 0:03:11]} Bxe4 {[%emt 0:00:10]} 23. Bxa6 {[%emt 0:00:19]} Bxg2 {[%emt 0:02:25]} 24. Kxg2 {[%emt 0:00:22]} Rxb2 {[%emt 0:00:04]} 25. a5 {[%emt 0:03:51]} Bh4 {[%emt 0:01:53]} 26. Re2 {[%emt 0:04:06]} Rxe2 {[%emt 0:01:19]} 27. Bxe2 {[%emt 0:00:02]} Bf6 {[%emt 0:01:23]} 28. Ra4 {[%emt 0:00:23]} Ra8 {[%emt 0:01:25]} 29. a6 {[%emt 0:00:40]} Kf8 {[%emt 0:08:40]} 30. a7 {[%emt 0:00:40]} Bxd4 {[%emt 0:00:15]} 31. Bf3 1-0

[Event "XXIX Cracovia 2018"]
[Site "Krakow"]
[Date "2018.12.29"]
[Round "3"]
[White "Kyc, Jerzy"]
[Black "Eggink, Ryszard"]
[Result "0-1"]
[WhiteElo "2280"]
[BlackElo "2343"]
[Annotator "NA"]
[PlyCount "106"]
[EventDate "2018.12.27"]
[EventType "swiss"]
[EventCountry "POL"]
[SourceTitle "playchess.com"]
[Source "ChessBase"]
[SourceQuality "1"]
[TimeControl "40/5400+30:1800+30"]

1. e4 {[%emt 0:00:00]} d6 {[%emt 0:00:00]} 2. d4 {[%emt 0:00:00]} Nf6 {[%emt 0:00:05]} 3. Nc3 {[%emt 0:00:02]} Nbd7 {[%emt 0:00:10]} 4. Nf3 {[%emt 0:00:18]} e5 {[%emt 0:00:06]} 5. Bc4 {[%emt 0:00:32]} Be7 {[%emt 0:00:05]} 6. O-O {[%emt 0:00:56]} O-O {[%emt 0:00:04]} 7. dxe5 {[%emt 0:01:09]} dxe5 {[%emt 0:01:25]} 8. Qe2 {[%emt 0:04:21]} c6 {[%emt 0:00:13]} 9. a4 {[%emt 0:00:24]} a5 {[%emt 0:00:45] C41: Philidor Defence} 10. Bg5 {[%emt 0:01:23]} (10. Rd1 Qc7 11. Nd2 Nc5 12. Nb3 Nxb3 13. Bxb3 Nd7 14. Bc4 Nc5 15. Be3 Be6 {0-1 (37) Gjuran,D (2326)-Skoberne,J (2573) Slovenia 2013}) 10... Qc7 {[%emt 0:04:06]} 11. Nh4 {[%emt 0:14:32]} Nc5 {[%emt 0:05:27]} 12. Nf5 $146 {[%emt 0:09:21]} ({Predecessor:} 12. Kh1 Ng4 13. f4 exf4 14. Bxf4 Bd6 15. Bxd6 Qxd6 16. Nf3 Qh6 17. Rae1 {1-0 (33) Jimenez Fraga,P (2292)-Linares Napoles,O (2241) Havana 2007}) 12... Ne6 {[%emt 0:03:27]} 13. Bxe6 {[%emt 0:05:39]} Bxe6 {[%emt 0:00:15]} 14. Nxe7+ {[%emt 0:03:20]} Qxe7 {[%emt 0:00:01]} 15. Qf3 {[%emt 0:06:02]} Rfd8 {[%emt 0:04:46]} 16. Rad1 {[%emt 0:07:52]} h6 {[%emt 0:05:30]} 17. Bxf6 {[%emt 0:00:29]} Qxf6 {[%emt 0:00:02]} 18. Qxf6 {[%emt 0:00:59]} gxf6 {[%emt 0:00:01]} 19. f4 {[%emt 0:11:00]} exf4 {[%emt 0:05:16]} 20. Rxf4 {[%emt 0:04:59]} Rxd1+ {[%emt 0:00:17]} 21. Nxd1 {[%emt 0:00:01]} Rd8 {[%emt 0:00:01]} 22. Nc3 {[%emt 0:00:01]} Kg7 {[%emt 0:03:09]} 23. Rf3 {[%emt 0:09:46]} Rd2 {[%emt 0:07:02]} 24. Rf2 {[%emt 0:00:21]} Rd4 {[%emt 0:00:02]} 25. Rf1 {[%emt 0:07:05]} Rb4 {[%emt 0:02:47]} 26. b3 {[%emt 0:00:26]} c5 {[%emt 0:00:06]} 27. Nd5 {[%emt 0:02:34]} Rxe4 {[%emt 0:01:26]} 28. Nxf6 {[%emt 0:01:08]} Re2 {[%emt 0:02:58]} 29. Ne8+ {[%emt 0:02:44]} Kf8 {[%emt 0:03:34]} 30. Nc7 {[%emt 0:00:07]} Bd7 $17 {[%emt 0:01:18]} 31. c4 {[%emt 0:04:07]} Bc6 {[%emt 0:03:20]} 32. Nd5 {[%emt 0:03:49]} Bxd5 {[%emt 0:00:32]} 33. cxd5 {[%emt 0:00:01]} Re3 {[%emt 0:00:02]} 34. Rf6 {[%emt 0:00:57]} Rxb3 {[%emt 0:00:07]} 35. Rxh6 {[%emt 0:00:11]} Rb4 {[%emt 0:00:14]} 36. d6 {[%emt 0:00:46]} Ke8 {[%emt 0:00:27]} 37. Rh8+ {[%emt 0:00:34]} Kd7 {[%emt 0:00:04]} 38. Rf8 {[%emt 0:00:11]} Kxd6 {[%emt 0:03:48]} 39. Rxf7 {[%emt 0:00:04]} b6 {[%emt 0:00:19]} 40. Rf6+ {[%emt 0:00:00]} Kc7 {[%emt 0:00:00]} 41. g3 {[%emt 0:01:26]} Rxa4 {[%emt 0:00:54]} 42. h4 {[%emt 0:00:05]} Rg4 {[%emt 0:01:08]} 43. Kg2 {[%emt 0:00:06]} a4 {[%emt 0:00:40]} 44. Kh3 {[%emt 0:00:19]} Rg8 {[%emt 0:02:53]} 45. h5 {[%emt 0:03:10]} Ra8 {[%emt 0:01:23]} 46. Rf7+ {[%emt 0:04:55]} Kc6 {[%emt 0:00:14]} 47. Rf6+ {[%emt 0:00:02]} Kc7 {[%emt 0:13:31]} 48. Rf7+ {[%emt 0:01:05]} Kd6 {[%emt 0:00:06]} 49. Rf6+ {[%emt 0:00:10]} Ke7 {[%emt 0:02:01]} 50. Rxb6 {[%emt 0:07:23]} a3 {[%emt 0:00:12]} 51. Rb7+ {[%emt 0:00:27]} Kf6 {[%emt 0:01:41]} 52. Rb1 {[%emt 0:00:36]} a2 {[%emt 0:00:05]} 53. Ra1 {[%emt 0:00:06]} c4 {[%emt 0:00:21]} 0-1

[Event "XXIX Cracovia 2018"]
[Site "Krakow"]
[Date "2018.12.29"]
[Round "3"]
[White "Goluch, Piotr"]
[Black "Klekowski, Maciej"]
[Result "0-1"]
[WhiteElo "2273"]
[BlackElo "2499"]
[Annotator "TA"]
[PlyCount "120"]
[EventDate "2018.12.27"]
[EventType "swiss"]
[EventCountry "POL"]
[SourceTitle "playchess.com"]
[Source "ChessBase"]
[SourceQuality "1"]

{[%evp 27,119,-80,-71,-83,-62,-123,-1,-16,15,14,34,20,29,16,24,35,44,50,50,20,35,31,23,9,33,22,22,14,18,0,0,0,56,5,14,12,10,0,0,0,6,8,5,-154,-149,-123,-145,-155,-149,-141,-90,-226,-231,-312,-297,-302,-287,-285,-277,-689,-695,-686,-687,-668,-618,-782,-748,-752,-736,-1837,-1852,-1818,-1820,-1718,-751,-723,-676,-1721,-1587,-1467,-1329,-29983,-1704,-1636,-1666,-1517,-1453,-995,-997,-1612,-1137,-5281,-893,-29999]} 1. d4 f5 2. Nf3 Nf6 3. g3 g6 4. Bg2 Bg7 5. O-O O-O 6. b3 d6 7. Bb2 Qe8 8. Nbd2 Nc6 9. Re1 e5 10. dxe5 {A81: Dutch Defence: 2 g3} dxe5 11. e4 f4 12. Nc4 (12. h3 fxg3 13. fxg3 Nh5 14. Kh2 Be6 15. Qe2 Rd8 16. Rad1 a6 17. Nc4 b5 {0-1 (32) Donchenko,A (2577)-Marin,M (2580) Medias 2015}) 12... Bg4 13. h3 Rd8 14. Qe2 Bxf3 $1 {LiveBook: 3 Games} 15. Bxf3 b5 {...fxg3 is the strong threat.} 16. Na3 (16. Nd2 $15) 16... a6 $146 (16... fxg3 $17 17. Nxb5 a6) ({Predecessor:} 16... fxg3 17. fxg3 a6 {½-½ (58) Matlak,M (2172)-Hoang,T (2465) Budapest 2001}) 17. c3 $1 $11 fxg3 18. fxg3 Qe6 19. Kg2 h5 20. h4 Ng4 21. Rad1 Bh6 {aiming for ...Ne3+.} 22. Nc2 Nf6 23. Ba3 Rxd1 24. Rxd1 Rf7 25. Bc5 Bf8 {[%cal Bh6f8,Bf8d6,Bd6c5][%mdl 32]} 26. Bf2 Bd6 27. Ne3 Bc5 28. b4 Bb6 29. a4 Na7 (29... bxa4 $11 30. Qxa6 Qa2) 30. Rd8+ (30. a5 $14 Bxe3 31. Rd8+ (31. Bxe3 Nc6 $14) 31... Kg7 32. Bxe3 (32. Qxe3 Nc8 $14)) 30... Kg7 31. a5 Bxe3 32. Qxe3 Nc8 {[%cal Ba7c8,Bc8d6,Bd6f7][%mdl 32]} 33. Be1 Nd6 34. Bd2 {[%csl Gd2][%cal Re3h6]} Ng8 {Threatens to win with ...Qf6.} 35. Qg5 $2 (35. Qd3 $11) 35... Rxf3 $1 $17 ({And not} 35... Qf6 36. Qxf6+ Rxf6 37. Bg5 $16) 36. Kxf3 Nf7 {[%mdl 64] Double Attack} 37. Rxg8+ Kxg8 38. Qe3 Qg4+ (38... Qh3 $142 39. Qd3 Nd6) 39. Kg2 (39. Kf2 $17) 39... Nd6 $19 40. c4 Nxc4 41. Qd3 {[#]} Nd6 $1 42. Qd5+ Kh7 43. Qxe5 $2 (43. Bg5 Qe2+ 44. Kg1) 43... Qe2+ 44. Kh3 Qxd2 45. Qe7+ {[#]} Kg8 $1 46. Qe6+ Kg7 47. e5 Nf5 48. Qxa6 Qd5 {[%cal Rd5h1]} 49. Qf6+ Kh7 {[%cal Rd5h1]} 50. Kh2 Qa2+ (50... Qb3 $142 51. Qg5 Qxb4) 51. Kg1 Qb1+ 52. Kh2 {Now Qf7+ and White clings on.} Qc2+ 53. Kh3 Qb3 {[%csl Gf5][%cal Rb3g3]} 54. Qg5 Qd1 (54... Qf3 $142 55. Kh2 Qf2+ 56. Kh1 Nxg3+ 57. Qxg3 Qxg3 58. a6 Qxh4+ {[%mdl 64] Double Attack} 59. Kg1 Qxb4 60. a7 Qd4+ 61. Kf1 Qxa7 62. Ke2 Qc5 63. e6 Qc4+ 64. Ke1 Qxe6+ 65. Kd2 h4 66. Kd3 h3 67. Kc2 h2 68. Kd3 h1=Q 69. Kd4 Qd1+ 70. Kc5 Qc4#) 55. Kh2 Qe2+ {[%mdl 64] Double Attack} 56. Kg1 Qe1+ 57. Kg2 Qxb4 58. a6 Qb2+ 59. Kf3 Qa3+ 60. Kf4 Qe3# {Accuracy: White = 30%, Black = 58%.} 0-1